000
00274nam a22001217a 4500
003
OSt
008
220526b ||||| |||| 00| 0 eng d
100
_a
KHARATE,G.K.
245
_a
Digital Electronics
260
_a
New Delhi
_b
Oxford
_c
2014
300
_a
667
942
_2
ddc
_c
BK
999
_c
11265
_d
11265